000 00613cam a2200133 4500500
005 20260111091304.0
041 _afre
042 _adc
245 0 0 _aKeck Th., Jeunesse de l’Église (1936-1955). Aux sources de la crise progressiste en France, préf. Ét. Fouilloux, coll. Signes des temps, Paris, Karthala, 2004, 24x16, 483 p., 29 €. ISBN 2-84586-591-0
260 _c2005.
500 _a33
786 0 _nNouvelle revue théologique | 127 | 4 | 2005-12-15 | p. 647e-651e | 0029-4845
856 4 1 _uhttps://shs.cairn.info/revue-nouvelle-revue-theologique-2005-4-page-647e?lang=fr&redirect-ssocas=7080
999 _c1620827
_d1620827